BIBLIOTHÈQUE DE LA MAISON DU MEXIQUE

Logo 1 Logo 2

The discovery and conquest of Mexico (notice nᵒ 10585)

détails MARC
000 -Sello discográfico
campo de control de longitud fija 01048nam a2200361 4500
005 - Identificación de versión
campo de control 20251017062827.0
035 ## - Otros números de control del sistema
Número de control del sistema 1222
099 ## - fechas locales
Tipo de ítem Koha LIBRO
100 ## - Datos de procesamiento general
Datos de procesamiento general 20040115d1953 m y1spay5003 ba
105 ## - Campo de datos codificados: Material textual, monográfico
Datos codificados de monografía a 001zy
200 1# - Título y mención de responsabilidad
Título propio The discovery and conquest of Mexico
Designación general del material texto impreso
Otra información del título 1517-1521
Primer mención de responsabilidad Bernal Díaz del Castillo
Declaración de responsabilidad subsiguiente abridged by A.P. Maudslay
-- edited by Eurdora Garret
210 ## - Publicación, distribución, etc.
Lugar de publicación, distribución, etc. México
Nombre del editor, distribuidor, etc. Ediciones Tolteca
Fecha de publicación, distribución, etc. 1953
215 ## - Descripción física
Designación de material específico y extensión del ítem 383 p
Otras características físicas il.
Dimensiones 21 cm
318 ## - Nota de acción
Acción No se presta a domicilio
345 ## - Nota de información de adquisición
Fuente de adquisición/dirección de la suscripción [OBSOLETO] Donación
607 ## - Nombre geográfico utilizado como tema
Elemento de entrada México
Subdivisión temática Historia
Subdivisión cronológica Conquista, 1519-1540
Número Koha 453
660 ## - Código de área geográfica
Código MX
676 ## - Clasificación Decimal Dewey
Número R972.02 D542d
700 ## - Nombre personal - Responsabilidad primaria
Elemento de entrada Diaz del Castillo
Parte del nombre distinta del elemento de entrada Bernal
Fechas 1496-1584
Número Koha 1656
702 ## - Nombre personal - Responsabilidad secundaria
Elemento de entrada Garret
Parte del nombre distinta del elemento de entrada Eurdora
Número Koha 17094
702 ## - Nombre personal - Responsabilidad secundaria
Elemento de entrada Maudslay
Parte del nombre distinta del elemento de entrada Alfred Percival
Fechas 1850-1931
Número Koha 7120
801 #0 - Fuente de origen
Agencia cm
900 ## -
-- 1/5995
900 ## -
-- 7100417756\150104
942 ## - ELEMENTOS DE ENTRADA SECUNDARIOS (KOHA)
Tipo de ítem Koha Livre

Pas d'exemplaire disponible.